La nueva regulacin̤ de la propiedad horizontal en Catalunya regulacin̤ normativa comentada y con jurisprudencia /

Detalles Bibliográficos
Autor principal: Mart ̕Mart,̕ Joaquim
Formato: Desconocido
Lenguaje:español
Publicado: Barcelona : Bosch Editor, 2006
Materias:
Acceso en línea:Acceso restringido

MARC

LEADER 00000ny a22000003n 4500
005 20110617121853.0
006 m u
007 cr cn|||||||||
008 200807r2006 sp |||||s|||||||||||spa d
020 |a 9788476987698 
035 |a 2031 
040 |a FlNmELB  |c FlNmELB  |d vlex 
050 1 4 |a K623  |b M375 2006eb 
080 |a 347.238.3(460.23) 
090 |c 1414  |d 1414 
100 1 |a Mart ̕Mart,̕ Joaquim 
245 1 3 |a La nueva regulacin̤ de la propiedad horizontal en Catalunya  |h [Recurso electrn̤ico]  |b regulacin̤ normativa comentada y con jurisprudencia /  |c Joaquim Mart ̕Mart̕ 
256 |a Servicio en ln̕ea 
260 |a Barcelona :  |b Bosch Editor,  |c 2006 
300 |a 9-200 p 
506 1 |a Contenido solo disponible en los productos indicados  |d vLex Global  |d vLex Global (Academic Edition, excluding Law Schools)  |d vLex Global (U.S. Academic Edition, Law Schools)  |d vLex Global (U.S. Academic Edition, excluding Law Schools)  |d vLex Global (Academic Edition, Law Schools) 
650 0 7 |a Propiedad horizontal  |2 Tesauro vLex 
650 0 7 |a Derecho foral de Cataluą  |2 Tesauro vLex 
740 |a vLex Libros (Servicios en ln̕ea) 
856 4 0 |u http://vlex.com/source/2031  |z Acceso restringido 
942 |c BOOK